Unscramble The European Country Names - Statistics

General Stats
  • This quiz has been taken 79 times
    10 since last reset
  • The average score is 13 of 15
Answer Stats
Hint Answer % Correct
efarnc France
100%
yital Italy
100%
aispn Spain
100%
dninafl Finland
90%
ecgeer Greece
90%
dweesn Sweden
90%
drroana Andorra
80%
erlandi Ireland
80%
tvalai Latvia
80%
tlama Malta
80%
iaesrb Serbia
80%
einukar Ukraine
80%
aatsriu Austria
70%
tonaies Estonia
70%
loveiasn Slovenia
70%
No matching quizzes found
Score Distribution
Percent of People with Each Score
Percentile by Number Answered
Your Score History
You have not taken this quiz since the last reset